Pokémon on L - Statistics

General Stats
  • This quiz has been taken 5 times
  • The average score is 20 of 40
Answer Stats
Picture Answer % Correct
Lapras
100%
Lickitung
100%
Lugia
100%
Larvitar
75%
Ledyba
75%
Lotad
75%
Lucario
75%
Ludicolo
75%
Lairon
50%
Landorus
50%
Larvesta
50%
Latias
50%
Latios
50%
Leafeon
50%
Lechonk
50%
Lickilicky
50%
Lileep
50%
Litleo
50%
Litwick
50%
Lombre
50%
Lopunny
50%
Loudred
50%
Lunala
50%
Lunatone
50%
Luvdisc
50%
Luxio
50%
Luxray
50%
Lampent
25%
Lanturn
25%
Leavanny
25%
Ledian
25%
Liepard
25%
Lilligant
25%
Lillipup
25%
Linoone
25%
Litten
25%
Lokix
25%
Lumineon
25%
Lurantis
25%
Lycanroc
25%
No matching quizzes found
Score Distribution
Percent of People with Each Score
Percentile by Number Answered
Your Score History
You have not taken this quiz